000 00458nam a2200193Ia 4500
008 101110s9999 xx 000 0 und d
041 _aMARATHI
082 _bSR17584
_a346.07
100 _aPalsodkar Suresh
245 _aVyavsay Kayade (SYBCOM)
365 _b30
520 _aCommerce
546 _aMARATHI
630 _aVyavsay Kayade (SYBCOM)
650 _aCommerce
655 _aCommerce
730 _aVyavsay Kayade (SYBCOM)
942 _cBOOK
999 _c811247
_d811244